01313nam a2200265 a 450000100060000000300080000600500170001400800410003102000160007203500190008804000320010704100080013908200380014711000770018524503140026224601490057626000500072530000380077549000260081365100530083965100690089270000250096171000350098683000260102164239BD-RjUL20211209081302.0170126s1963 pk s o00| 0 eng  c: PRs. 3.50 a(BD-RjUL)64369 aDLCcDLCdDLCdBD-RjULbeng aeng a304.609549021223bPES 1963 (DCR) aPakistan.bMinistry of Home and Kashmir Affairs (Home Affairs Division).10aPopulation census of Pakistan, 1961 : bDistrict census report, Peshawar. Parts I-V : General description, general tables, housing tables, population tables, and village statistics / cPakistan. Ministry of Home and Kashmir Affairs (Home Affairs Division) ; Census organization (Pakistan) ; A. Rashid, [comp.] aDistrict census report, Peshawar :bParts I-V : General description, general tables, housing tables, population tables, and village statistics.  aKarachi : bManager of publications,c[1963]. avarious pagings :bIll. ;c25 cm. acensus, 61 ;vNo. 110 aPakistan (West Pakistan)zPeshawarvCensus, 1961 aPakistan (West Pakistan)zPeshawarxPopulationvStatisticsy1961 aRashid, A. , [comp.] aCensus organization (Pakistan) acensus, 61 ;vNo. 110